000 00832nam a2200241 a 4500
001 000044728
003 DO-SdBNP
005 20230201122254.0
007 ta
008 150108s2014 dr a 000 0 spa d
020 _a9789945131741
040 _aDO-SdBNP
_bspa
_cBNPHU
082 4 _222
100 1 _aSantos Frías, Emilia
_972728
245 1 0 _aEstrés y depresión en el ejercicio del periodismo :
_brecomendaciones para eliminarlos y conservar la salud /
_cEmilia Santos Frías ; prólogo Luis Rafael Serret V.
260 _aSanto Domingo :
_bMediabyte,
_c2014.
300 _a69 p. :
_bil. ;
_c22 cm.
500 _aIncluye datos biográficos del autor en la contracubierta
504 _aBibliografía : p. 63-66
590 _aInventariado, 2023/BT
700 1 _aSerret V., Luis Rafael,
_epról.
_972729
942 _2ddc
_cLBS1
999 _c44217
_d44217